| 000 | 00437nam a2200169Ia 4500 | ||
|---|---|---|---|
| 005 | 20250813114623.0 | ||
| 008 | 191130s2000##################000#0#eng## | ||
| 020 |
_a9780340788677 _qpbk |
||
| 041 | _aeng | ||
| 082 | _a823.914 JAR | ||
| 100 | _aJarvis, Robin | ||
| 245 |
_aThomas _cRobin Jarvis |
||
| 260 |
_aLondon _bHodder Children’s Books _c2000 |
||
| 300 | _axiii, 490 p. : ill. ; 20 cm | ||
| 650 | _aFantasy | ||
| 942 | _cENGLISH | ||
| 999 |
_c298419 _d298419 |
||